00509nam a2200133 a 450000500170000000800410001704000120005804100080007004400070007810000250008524502050011026000490031530000110036420150105114228.0140124b2005 ck ||||| |||| 00| 0 spa d cCO-BoIH aspa ack aOrtega Lara, Armando aCaracterización y plan de monitoreo de una población de Salminus affinis (Characiformes: Characidae) en el eje cafetero, departamento del Caldas, Risaralda, Quindío y Valle del Cauca en Colombia aCalibInstituto Alexander von Humboldtc2005 a138 p.